Weather and climate

Bibliographic Details
Main Author: Flint, David
Format: Book
Published: London : Gloucester Press , 1991
Series:Hands on geography
Subjects:

MARC

LEADER 00000cam a2200000 7i4500
001 0000005586
002 000006038
005 20060120.0
020 |a 0749605960 
090 0 0 |a 910   |b FLI 
100 1 |a Flint, David 
245 1 0 |a Weather and climate   |c David Flint 
260 |a London :   |b Gloucester Press ,   |c 1991 
300 |a 32p. :   |b ill. ;   |c 29cm. 
490 0 |a Hands on geography 
650 0 0 |a Weather   |x Juvenile literature 
999 |a 027080   |b BUKU   |c JUNIOR BOOKS   |e PERPUSTAKAAN KOMUNITI CAW KOTA DAMANSARA